| 000 | 00422nam a2200133Ia 4500 | ||
|---|---|---|---|
| 008 | 210716s1984 xx 000 0 und d | ||
| 041 | _aeng | ||
| 082 | _a005.362 COAJ | ||
| 100 | _aCoan, James S. | ||
| 245 |
_aBasic basic: introduction to computer programming in basic language. _bIntroduction to computer programming in basic language. |
||
| 260 |
_aBombay _bHyden book company _c1984 |
||
| 300 | _a269 | ||
| 650 | _aNone | ||
| 999 |
_c180882 _d180882 |
||